[Event "7th OHRA Open"]
[Site "Amsterdam NED"]
[Date "1988.08.11"]
[Round "9"]
[White "Shvidler, Eliahu"]
[Black "Pieterse, Gert"]
[Result "1/2-1/2"]
[WhiteElo "2430"]
[BlackElo "2425"]
[EventDate "1988.08.01"]
[PlyCount "113"]

1.d4 Nf6 2.Nf3 g6 3.c4 Bg7 4.Nc3 O-O 5.Bg5 d6 6.e3 Nbd7 7.h3 c6 8.Be2 e5 
9.O-O Qa5 10.Bh4 Re8 11.a3 exd4 12.Nxd4 Qb6 13.Bg3 Ne5 14.b4 Qc7 15.Qb3 a6
16.Rad1 c5 17.Nf3 Be6 18.Ng5 cxb4 19.Nxe6 Rxe6 20.axb4 Rc8 21.Rc1 Qc6 22.
Nd5 Ne4 23.Bxe5 dxe5 24.Rfd1 Nf6 25.c5 Nxd5 26.Rxd5 e4 27.Bg4 f5 28.Rd6 
Qxd6 29.cxd6 Rxc1+ 30.Bd1 Kf7 31.Qd5 Bf6 32.d7 Bd8 33.Kh2 Rc6 34.Bb3 Ke7 
35.Qd4 Rf6 36.Qe5+ Kxd7 37.g3 b5 38.Qd5+ Kc8 39.Qe5 h5 40.Kg2 Kd7 41.Bf7 
Be7 42.Qd4+ Kc8 43.Be8 Rc7 44.Qd5 Kb8 45.g4 hxg4 46.hxg4 f4 47.exf4 Rxf4 
48.Qe6 Ka7 49.Bxg6 Bd8 50.Qd6 Rxg4+ 51.Kf1 Rc1+ 52.Ke2 Bc7 53.Qd4+ Kb8 54.
Bxe4 Rxe4+ 55.Qxe4 Rc4 56.Qe7 Kb7 57.f3 1/2-1/2